Awesome powers / (Record no. 463)

MARC details
000 -LEADER
fixed length control field 01944cam a22003497a 4500
005 - DATE AND TIME OF LATEST TRANSACTION
control field 20230425115143.0
020 ## - INTERNATIONAL STANDARD BOOK NUMBER
International Standard Book Number 9780756645298 (pbk.)
020 ## - INTERNATIONAL STANDARD BOOK NUMBER
International Standard Book Number 0756645298 (pbk.)
020 ## - INTERNATIONAL STANDARD BOOK NUMBER
International Standard Book Number 9780756645304
020 ## - INTERNATIONAL STANDARD BOOK NUMBER
International Standard Book Number 0756645301
040 ## - CATALOGING SOURCE
Original cataloging agency IEP
Transcribing agency IEP
Modifying agency DLC
050 00 - LIBRARY OF CONGRESS CALL NUMBER
Classification number PZ7.T233
Item number Aw 2009
082 00 - DEWEY DECIMAL CLASSIFICATION NUMBER
Classification number 741.5
Edition number 23
100 1# - MAIN ENTRY--PERSONAL NAME
Personal name Teitelbaum, Michael.
245 10 - TITLE STATEMENT
Title Awesome powers /
Statement of responsibility, etc. written by Michael Teitelbaum.
246 38 - VARYING FORM OF TITLE
Title proper/short title Wolverine : awesome powers
260 ## - PUBLICATION, DISTRIBUTION, ETC.
Place of publication, distribution, etc. New York :
Name of publisher, distributor, etc. DK Publishing,
Date of publication, distribution, etc. 2009.
300 ## - PHYSICAL DESCRIPTION
Extent 48 pages :
Other physical details color illustrations ;
Dimensions 23 cm.
490 1# - SERIES STATEMENT
Series statement DK readers. 3, reading alone
500 ## - GENERAL NOTE
General note "Marvel"--Cover.
500 ## - GENERAL NOTE
General note Includes index.
505 ## - FORMATTED CONTENTS NOTE
Formatted contents note K
520 ## - SUMMARY, ETC.
Summary, etc. One of Marvel Comics' favorite characters, Wolverine is a mutant who possesses animal-like instincts, super-enhanced strength, and the ability to heal from any wound. While he was part of the Weapon X program his skeletal structure was bonded with the near-destructible alloy adamantium, and now very little can stop him. DK's publishing program celebrates Wolverine's classic comic book roots, with gorgeous imagery, classic story lines, and a nod to the franchise that Wolverine has become. Wolverine Reader Level 3 Awesome Powers Young readers will learn about Logan, his alter-ego Wolverine, and what it's like to have those crazy X-men claws! MARVEL, Wolverine and the distinctive likenesses thereof are trademarks of Marvel Characters, Inc., and are used with permission. _ Copyright (c) 2008 Marvel Characters, Inc. All rights reserved. www.marvel.com. This book is produced under license from Marvel Characters, Inc.
521 ## - TARGET AUDIENCE NOTE
Target audience note 510 <br/>
Source Lexile
521 ## - TARGET AUDIENCE NOTE
Target audience note K <br/>
Source Raz-Plus
650 #0 - SUBJECT ADDED ENTRY--TOPICAL TERM
Topical term or geographic name entry element Heroes
Form subdivision Juvenile literature.
650 #0 - SUBJECT ADDED ENTRY--TOPICAL TERM
Topical term or geographic name entry element Comic books, strips, etc.
Form subdivision Juvenile literature.
906 ## - LOCAL DATA ELEMENT F, LDF (RLIN)
a 7
b cbc
c copycat
d 2
e ncip
f 20
g y-gencatlg
942 ## - ADDED ENTRY ELEMENTS (KOHA)
Source of classification or shelving scheme Dewey Decimal Classification
Koha item type Books
Suppress in OPAC No
999 ## -
-- 463
-- 463
Holdings
Withdrawn status Lost status Source of classification or shelving scheme Damaged status Not for loan Collection Home library Current library Shelving location Date acquired Total Checkouts Full call number Barcode Date last seen Price effective from Koha item type
    Dewey Decimal Classification     Juvenile Fiction Footprints International School Library Network Toul Kork Campus Footprints International School Library Network Toul Kork Campus TK Primary Library Room(4th Floor), Bookcase 3&4, Shelves 17-32, Yellow Books 04/25/2023   TEI 741.5973 PZ7.T233 2023-0082 04/25/2023 04/25/2023 Books